00849 2200253 4500001002100000005001700021008004100038035002400079082001200103090001900115100001700134245012400151260014800275300002300423500003100446650002000477700001400497700001600511700002100527850001500548980001300563985000600576999001300582YOGYA-0209000003254020090227024707.0 ind  0010-020900000032540 a959.815 a959.815bZai S aZAINUDDIN, R aSejarah kebangkitan nasional daerah JambicTim penelitian R. Zainuddin, M. Yuhadi, Bachtian AS; editor, Sutrisno Kutoyo aJakartabProyek Penelitian dan Pencatatan Kebudayaan Daerah Pusat Penelitian Sejarah dan Budaya Departemen Pendidikan dan Kebudayaanc1978/1979 axi, 128 hlmc23 cm aBibliografi : hlm. 125-128 aJambi - Sejarah aYuhadi, M aBakhtiar AS aKutoyo, Sutrisno aYOPDYOG(B) a24-12-06 a1 a06A00175